| 000 | 02813nam a2200697 i 4500 | ||
|---|---|---|---|
| 001 | 991052750011005066 | ||
| 003 | NyNyJPI | ||
| 005 | 20260413162538.0 | ||
| 008 | 200915s2020 pl abco |000 0dpol c | ||
| 009 | b1000000761214 | ||
| 015 | _aUWD 2020/32456 | ||
| 020 |
_a9788366340084 _q(oprawa miękka : _qInstytut Pileckiego) : _czł 49,99 |
||
| 020 |
_a9788324078011 _q(oprawa miękka : _qZnak) : _czł 49,99 |
||
| 035 | _a(OCoLC)1199650098 | ||
| 035 | _a(PL)b1000000761214 | ||
| 035 | _a(EXLNZ-48OMNIS_NETWORK)9911563315505606 | ||
| 040 |
_aLUBL M _cLUBL M _dLUBL M _dKR U _dWA N _dKIEL W |
||
| 041 | 1 |
_apol _heng |
|
| 045 | 2 |
_bd1940 _bd1947 |
|
| 046 | _k2020 | ||
| 080 |
_81.1\x _a94(438).082.21 |
||
| 080 |
_81.2\x _a94(100)"1939/1945":341.322.5 |
||
| 080 |
_81.3\x _a929-052(438)"19" |
||
| 084 | _a10 | ||
| 100 | 1 |
_aFairweather, Jack _d(1978- ) _eAutor |
|
| 245 | 1 | 0 |
_aOchotnik : _bprawdziwa historia tajnej misji Witolda Pileckiego / _cJack Fairweather ; przekład Arkadiusz Romanek. |
| 246 | 1 |
_iTytuł oryginału: _aVolunteer : _bone man, an underground army, and the secret mission to destroy Auschwitz, _f2019 |
|
| 246 | 3 | 0 | _aPrawdziwa historia tajnej misji Witolda Pileckiego |
| 246 | 1 |
_iTytuł oryginału: _aVolunteer : _bone man, an Underground Army, and the secret mission to destroy Auschwitz, _f2019 |
|
| 250 | _aWydanie I. | ||
| 260 |
_aKraków : _bInstytut Pileckiego ; _bZnak Horyzont, _c2020. |
||
| 300 |
_a510 stron : _bfaksymilia, fotografie, ilustracje, mapy ; _c23 cm. |
||
| 336 |
_aTekst _btxt _2rdacontent |
||
| 337 |
_aBez urządzenia pośredniczącego _bn _2rdamedia |
||
| 338 |
_aWolumin _bnc _2rdacarrier |
||
| 380 | _aKsiążki | ||
| 380 | _aLiteratura faktu, eseje, publicystyka | ||
| 388 | 1 | _a2001- | |
| 500 | _aTytuł oryginału: The Volunteer: one man, an Underground Army, and the secret mission to destroy Auschwitz. | ||
| 504 | _aBibliografia na stronach 443-463. | ||
| 600 | 1 | 7 |
_aPilecki, Witold _d(1901-1948) _2DBN |
| 600 | 1 | 0 |
_aPilecki, Witold, _d1902-1948 _xImprisonment. |
| 610 | 2 | 7 |
_aArmia Krajowa (AK) _2DBN |
| 610 | 2 | 7 |
_aAuschwitz-Birkenau (niemiecki obóz koncentracyjny) _2DBN |
| 610 | 2 | 0 | _aAuschwitz (Concentration camp) |
| 648 | 7 |
_a1901-2000 _2DBN |
|
| 648 | 7 |
_a1939-1945 _2DBN |
|
| 648 | 7 |
_a1945-1989 _2DBN |
|
| 650 | 7 |
_aPodziemie polityczne i zbrojne (1944-1956) _2DBN |
|
| 650 | 7 |
_aWięźniowie obozów _2DBN |
|
| 650 | 7 |
_aWięźniowie polityczni _2DBN |
|
| 650 | 7 |
_aRuch oporu _2DBN |
|
| 650 | 7 |
_aProcesy polityczne _2DBN |
|
| 650 | 0 |
_aWorld War, 1939-1945 _xUnderground movements _zPoland |
|
| 655 | 7 |
_aBiografia _2DBN |
|
| 658 | _aHistoria | ||
| 700 | 1 |
_aRomanek, Arkadiusz _eTłumaczenie |
|
| 710 | 2 |
_aInstytut Pileckiego _eWydawca _4pbl |
|
| 710 | 2 |
_aSpołeczny Instytut Wydawniczy Znak _eWydawca _4pbl |
|
| 942 |
_2z _cBK _n0 |
||
| 999 |
_c91101 _d91101 |
||